[Event "HUN-chT 9697"]
[Site "Hungary"]
[Date "1997.??.??"]
[Round "13"]
[White "Horvath, Adam"]
[Black "Kasa, Attila"]
[Result "1-0"]
[WhiteElo "2245"]
[BlackElo "2275"]
[PlyCount "59"]
[EventDate "1996.??.??"]
[EventType "team"]
[EventRounds "12"]
[EventCountry "HUN"]
[SourceTitle "EXT 2006"]
[Source "ChessBase"]
[SourceDate "2005.11.24"]
[SourceVersion "1"]
[SourceVersionDate "2005.11.24"]
[SourceQuality "1"]
[WhiteTeam "Csuti"]
[BlackTeam "DUTEP"]
[WhiteTeamCountry "HUN"]
[BlackTeamCountry "HUN"]

1. e4 c6 2. d4 d5 3. exd5 cxd5 4. Bd3 Nf6 5. c3 g6 6. Bf4 Nc6 7. Nf3 Bg7 8. 0-0 Nh5 9. Be3 0-0 10. Nbd2 Qd6 11. Re1 e5 12. dxe5 Nxe5 13. Nxe5 Bxe5 14. g3 b6 15. Be2 Ng7 16. f4 Bf6 17. Ne4 Qe6 18. Qxd5 Rb8 19. Qxe6 fxe6 20. Nxf6+ Rxf6 21. Bd4 Rf8 22. Be5 Rb7 23. Bb5 Nf5 24. Rad1 a5 25. a4 h5 26. Rd2 Kf7 27. Kf2 Ra7 28. Red1 g5 29. Rd8 Rxd8 30. Rxd8 1-0